00595 2200217 4500001002100000005001700021008004100038035002400079090002200103245004700125250002200172260004200194300003300236650003700269850001500306980001500321985000600336986000900342999001300351999001300364YOGYA-0209000000051820090227020347.0 ind  0010-020900000000518 a912.59840bKeplP aKEPULAUAN Riau Batam & BintanbTravel maps aSkala 1 : 434.000 aSurabayabKarya Pembina Swajayac2000 a1 petabberwarnac76 X 48 cm aKepulauan Riau - Peta perjalanan aYOPDYOG[B] a29-01-2005 a2 aSofi a04P03901 a04P03902